[Event "Quebec op U2400"]
[Site "Montreal CAN"]
[Date "2009.07.23"]
[Round "7"]
[White "Berube, Antoine"]
[Black "Ramaswamy, Kishor"]
[Result "0-1"]
[WhiteElo "2151"]
[BlackElo "2118"]
[PlyCount "94"]
[GameId "2160767910155640"]
[EventDate "2009.07.18"]
[EventType "swiss"]
[EventRounds "9"]
[EventCountry "CAN"]
[SourceTitle "hb 2009.08"]

1. e4 c6 2. d4 d5 3. Nd2 dxe4 4. Nxe4 Nf6 5. Nxf6+ gxf6 6. c3 Bf5 7. Nf3 Nd7 8. g3 Qc7 9. Bg2 O-O-O 10. O-O e6 11. Nh4 Bg6 12. f4 f5 13. Qe2 Be7 14. Nf3 Bh5 15. b4 Nf6 16. Qc4 Bxf3 17. Rxf3 h5 18. a4 h4 19. b5 hxg3 20. hxg3 Rdg8 21. bxc6 Qxc6 22. Qd3 Ne4 23. c4 Rg4 24. Ba3 Bxa3 25. Rxa3 Rhg8 26. Re3 Nxg3 27. Bxc6 Ne4+ 28. Rg3 Rxg3+ 29. Qxg3 Rxg3+ 30. Rxg3 Nxg3 31. Bf3 Ne4 32. a5 Nd2 33. Bh5 f6 34. a6 b6 35. d5 e5 36. Bf7 Nxc4 37. Be6+ Kc7 38. Bxf5 Kd6 39. fxe5+ fxe5 40. Be6 Ne3 41. Kf2 Nxd5 42. Bc8 Kc5 43. Ke2 Kd4 44. Kd2 e4 45. Ke2 b5 46. Kd2 e3+ 47. Ke2 b4 0-1

[Event "Quebec op U2400"]
[Site "Montreal CAN"]
[Date "2009.07.23"]
[Round "7"]
[White "Hajiyev, Elshad"]
[Black "Caire, Francois"]
[Result "0-1"]
[WhiteElo "2096"]
[BlackElo "2260"]
[PlyCount "70"]
[GameId "2160767910155641"]
[EventDate "2009.07.18"]
[EventType "swiss"]
[EventRounds "9"]
[EventCountry "CAN"]
[SourceTitle "hb 2009.08"]

1. e4 e5 2. Bc4 Nc6 3. Nf3 Bc5 4. b4 Bxb4 5. c3 Be7 6. O-O Nf6 7. Re1 O-O 8. d4 d6 9. h3 exd4 10. cxd4 d5 11. exd5 Nxd5 12. Bxd5 Qxd5 13. Nc3 Qd8 14. Bb2 Bf5 15. g4 Bg6 16. d5 Nb4 17. Ne5 Bf6 18. a3 Bxe5 19. axb4 Qf6 20. Re3 Qf4 21. b5 Rfe8 22. Ra4 Qh2+ 23. Kf1 Bf4 24. Rxf4 Qxf4 25. Ne2 Qc4 26. Qd4 Qxd4 27. Bxd4 Rxe3 28. Bxe3 Bd3 29. Ke1 Bxb5 30. Nd4 Bc4 31. Nf5 g6 32. Nh6+ Kf8 33. Bc5+ Kg7 34. g5 Bxd5 35. f4 f5 0-1

[Event "Quebec op U2400"]
[Site "Montreal CAN"]
[Date "2009.07.23"]
[Round "7"]
[White "Kayembe, Doris"]
[Black "Tremblay, Alain"]
[Result "1-0"]
[WhiteElo "1901"]
[BlackElo "2073"]
[PlyCount "81"]
[GameId "2160767910155643"]
[EventDate "2009.07.18"]
[EventType "swiss"]
[EventRounds "9"]
[EventCountry "CAN"]
[SourceTitle "hb 2009.08"]

1. e4 d6 2. Nf3 g6 3. Bc4 Bg7 4. O-O Nf6 5. Re1 e5 6. d3 c6 7. b4 Nbd7 8. Bb2 O-O 9. Nbd2 Nh5 10. Bb3 Qe7 11. Nc4 Nb6 12. Na5 Nf4 13. c4 Kh8 14. d4 Nd7 15. Qd2 c5 16. bxc5 dxc5 17. d5 Kg8 18. Rad1 Qf6 19. Qe3 Re8 20. Ba4 b6 21. Nc6 Bb7 22. g3 Nh5 23. Kg2 Qd6 24. Nd2 f6 25. Rb1 a6 26. Ba3 Rf8 27. Rxb6 Nxb6 28. Bxc5 Nxd5 29. cxd5 Qc7 30. d6 Qxc6 31. Bxc6 Bxc6 32. Rb1 Rac8 33. d7 Bxd7 34. Bxf8 Bxf8 35. Qb3+ Kh8 36. Qf7 Bb5 37. a4 Bc6 38. Rb6 Bxa4 39. Rxa6 Bb5 40. Ra7 Bg7 41. Qb7 1-0

[Event "Quebec op U2400"]
[Site "Montreal CAN"]
[Date "2009.07.23"]
[Round "7"]
[White "Modwal, Sankalp"]
[Black "Zozulia, Anna"]
[Result "1-0"]
[WhiteElo "2147"]
[BlackElo "2341"]
[PlyCount "53"]
[GameId "2160767910155646"]
[EventDate "2009.07.18"]
[EventType "swiss"]
[EventRounds "9"]
[EventCountry "CAN"]
[SourceTitle "hb 2009.08"]

1. e4 c5 2. Nf3 Nc6 3. d4 cxd4 4. Nxd4 e5 5. Nb5 d6 6. N1c3 a6 7. Na3 Be6 8. Nc4 Rc8 9. Ne3 Nf6 10. g3 Be7 11. Bg2 O-O 12. O-O b5 13. a3 Nd7 14. f4 exf4 15. gxf4 Nf6 16. Kh1 Re8 17. b3 Bd7 18. Bb2 Bf8 19. Ncd5 Nxe4 20. Bxe4 Rxe4 21. Rg1 Rxe3 22. Nf6+ Kh8 23. Qh5 Rh3 24. Qxf7 Ne7 25. Nxd7 Ng6 26. Nf6 Be7 27. Nh5 1-0

[Event "Quebec op U2400"]
[Site "Montreal CAN"]
[Date "2009.07.23"]
[Round "7"]
[White "Qin, Zi Yi (Joey)"]
[Black "Wenaas, Eric"]
[Result "1-0"]
[WhiteElo "2140"]
[BlackElo "2171"]
[PlyCount "29"]
[GameId "2160767910155647"]
[EventDate "2009.07.18"]
[EventType "swiss"]
[EventRounds "9"]
[EventCountry "CAN"]
[SourceTitle "hb 2009.08"]

1. e4 e5 2. Nf3 Nc6 3. Bc4 Bc5 4. c3 Nf6 5. d3 d6 6. Bb3 O-O 7. Nbd2 a6 8. h3 b5 9. O-O Qe7 10. Re1 Bb7 11. Nf1 Nh5 12. Bg5 Qe8 13. N3h2 g6 14. Ng4 Kh8 15. Nf6 1-0

[Event "Quebec op U2400"]
[Site "Montreal CAN"]
[Date "2009.07.23"]
[Round "7"]
[White "Robichaud, Louis"]
[Black "Rosen, Matthew"]
[Result "0-1"]
[WhiteElo "2123"]
[BlackElo "2044"]
[PlyCount "118"]
[GameId "2160767910155648"]
[EventDate "2009.07.18"]
[EventType "swiss"]
[EventRounds "9"]
[EventCountry "CAN"]
[SourceTitle "EXT 2011"]
[Source "ChessBase"]
[SourceDate "2011.11.26"]
[SourceVersion "1"]
[SourceVersionDate "2011.11.26"]
[SourceQuality "1"]

1. e4 c5 2. Nc3 Nc6 3. g3 g6 4. Bg2 Bg7 5. Nge2 d6 6. O-O e6 7. d3 Nge7 8. Be3 O-O 9. d4 cxd4 10. Nxd4 Ne5 11. Qe2 h5 12. Rad1 a6 13. h3 Qc7 14. Bc1 Bd7 15. Kh1 N7c6 16. Ndb5 axb5 17. f4 Nc4 18. Nxb5 Qb6 19. Nxd6 Nxd6 20. Rxd6 Nd4 21. Rxb6 Nxe2 22. Re1 Nxc1 23. Rxc1 Bc6 24. e5 Rxa2 25. Bxc6 bxc6 26. Rd1 Raa8 27. Rxc6 Rfc8 28. Rxc8+ Rxc8 29. c3 g5 30. Rd4 Kh7 31. Kg2 gxf4 32. gxf4 Kg6 33. Kf3 Kf5 34. Rd7 Rf8 35. Rc7 Bh6 36. Rc4 h4 37. b4 Rg8 38. b5 Rg3+ 39. Ke2 Bxf4 40. b6 Rxh3 41. Rc7 Bxe5 42. Rxf7+ Kg6 43. Re7 Kf6 44. Rh7 Rxc3 45. Rh6+ Kf5 46. Rh5+ Ke4 47. Rxh4+ Bf4 48. b7 Rc2+ 49. Kd1 Rd2+ 50. Ke1 Rb2 51. Rh7 Kf3 52. Kd1 e5 53. Rh3+ Bg3 54. Rh7 e4 55. Kc1 Rb6 56. Kc2 e3 57. Kd3 e2 58. Rf7+ Bf4 59. Re7 Rxb7 0-1

[Event "Quebec op U2400"]
[Site "Montreal CAN"]
[Date "2009.07.23"]
[Round "7"]
[White "Voskanyan, Vahagn"]
[Black "Ibrahim, Anthony"]
[Result "0-1"]
[WhiteElo "2258"]
[BlackElo "2172"]
[PlyCount "109"]
[GameId "2160767910155651"]
[EventDate "2009.07.18"]
[EventType "swiss"]
[EventRounds "9"]
[EventCountry "CAN"]
[SourceTitle "hb 2009.08"]

1. e4 c5 2. Nf3 Nc6 3. Bb5 e6 4. O-O Nge7 5. Re1 Nd4 6. Nxd4 cxd4 7. d3 Nc6 8. f4 d6 9. a4 Bd7 10. c3 dxc3 11. Nxc3 a6 12. Bc4 Be7 13. Be3 O-O 14. Rf1 Rc8 15. Qe2 Bf6 16. Qf2 Qa5 17. Kh1 Qc7 18. Rad1 Qb8 19. d4 Nb4 20. Qe2 b5 21. axb5 axb5 22. Bb3 Nc6 23. Qf2 Na5 24. e5 Be7 25. Bc2 b4 26. Ne4 d5 27. Ng5 Bxg5 28. fxg5 Bb5 29. Rg1 Qc7 30. Bb1 Qe7 31. Qh4 g6 32. Bd2 Nc4 33. Bc1 Ra8 34. Qg3 Nb6 35. Bd2 Na4 36. Bc1 Nb6 37. Bd3 Bxd3 38. Qxd3 Nd7 39. Rgf1 Nb8 40. Bd2 Nc6 41. Rc1 Rac8 42. h3 Qb7 43. h4 Qa7 44. Rf4 Qa2 45. h5 Qxb2 46. hxg6 Nxe5 47. gxh7+ Kh8 48. Qf1 Qxd2 49. Rd1 Qc2 50. dxe5 Qxh7+ 51. Kg1 Kg7 52. Rdd4 Qg6 53. Rf6 Qc2 54. Rd1 b3 55. Rh6 0-1

[Event "Quebec op U2400"]
[Site "Montreal CAN"]
[Date "2009.07.23"]
[Round "7"]
[White "Wang, Andrew"]
[Black "Mai, Lloyd"]
[Result "0-1"]
[WhiteElo "2173"]
[BlackElo "2114"]
[PlyCount "92"]
[GameId "2160767910155652"]
[EventDate "2009.07.18"]
[EventType "swiss"]
[EventRounds "9"]
[EventCountry "CAN"]
[SourceTitle "hb 2009.08"]

1. e4 c5 2. Nf3 d6 3. Bb5+ Bd7 4. Bxd7+ Qxd7 5. c4 Nc6 6. d4 cxd4 7. Nxd4 g6 8. Nc3 Bg7 9. Nde2 Nf6 10. f3 O-O 11. O-O a6 12. a4 a5 13. Bg5 Nb4 14. Qd2 Rfc8 15. b3 Qd8 16. Rab1 Nd7 17. Kh1 Nc5 18. Nd5 Nxd5 19. exd5 Qd7 20. Rfd1 Ra6 21. Nc3 Bxc3 22. Qxc3 f6 23. Be3 b6 24. Bd4 Ra7 25. Re1 Kf7 26. Re2 Rb7 27. Bxc5 bxc5 28. Qxa5 Rb4 29. Qa6 Rcb8 30. Re3 Kf8 31. h4 Qd8 32. Rbe1 Ra8 33. Qc6 Rb6 34. Qxa8 Qxa8 35. Rxe7 Rb7 36. R7e6 Qd8 37. R1e3 f5 38. g3 f4 39. R3e4 fxg3 40. Kg2 Rxb3 41. Kxg3 Ra3 42. Kg4 Rxa4 43. h5 gxh5+ 44. Kxh5 Ra7 45. Kh6 Rf7 46. f4 Qh4# 0-1

[Event "Quebec op U2400"]
[Site "Montreal CAN"]
[Date "2009.07.24"]
[Round "8"]
[White "Forget, Luc"]
[Black "Berson, Jordan"]
[Result "0-1"]
[WhiteElo "2061"]
[BlackElo "1996"]
[PlyCount "78"]
[GameId "2160767910155654"]
[EventDate "2009.07.18"]
[EventType "swiss"]
[EventRounds "9"]
[EventCountry "CAN"]

1. d4 Nf6 2. c4 g6 3. Nc3 d5 4. cxd5 Nxd5 5. Bd2 Nc6 6. e4 Ndb4 7. a3 Na6 8. Be3 Bg7 9. Nf3 Bg4 10. d5 Bxf3 11. gxf3 Ncb8 12. Bd4 e5 13. Be3 O-O 14. Qd2 Qh4 15. Bc4 Qh3 16. O-O-O Qxf3 17. h4 h5 18. Bg5 Qg4 19. Rhg1 Qd7 20. Rg3 Qd6 21. Rdg1 Kh7 22. Nb5 Qc5 23. Qe2 c6 24. Be3 Bh6 25. Bxh6 Kxh6 26. Nc3 b5 27. Bd3 b4 28. axb4 Nxb4 29. Bc4 cxd5 30. Bxd5 Nxd5 31. exd5 Nd7 32. Qd2+ Kh7 33. Rg5 Rfc8 34. Kb1 Nf6 35. Rxe5 Rab8 36. Re3 Ng4 37. Rf3 Ne5 38. Qf4 Qd6 39. Kc1 Nd3+ 0-1

[Event "Quebec op U2400"]
[Site "Montreal CAN"]
[Date "2009.07.24"]
[Round "8"]
[White "Kayembe, Doris"]
[Black "Wang, Andrew"]
[Result "0-1"]
[WhiteElo "1901"]
[BlackElo "2114"]
[PlyCount "106"]
[GameId "2160767910155655"]
[EventDate "2009.07.18"]
[EventType "swiss"]
[EventRounds "9"]
[EventCountry "CAN"]
[SourceTitle "hb 2009.08"]

1. e4 c5 2. Nf3 d6 3. Bb5+ Bd7 4. Bxd7+ Qxd7 5. b3 Nf6 6. d3 g6 7. Bb2 Bg7 8. O-O O-O 9. Nbd2 Nc6 10. Nc4 b5 11. Ne3 b4 12. Nc4 Rfb8 13. e5 Nd5 14. Re1 Nc3 15. Bxc3 bxc3 16. a4 Rb4 17. g3 Qc7 18. Ne3 Qb7 19. Nc4 Rd8 20. Re3 Bh6 21. Re2 d5 22. Na3 Nd4 23. Nxd4 cxd4 24. e6 f6 25. f4 a6 26. Qf1 Qc7 27. Qh3 Kg7 28. Kg2 Rb6 29. Kf3 Rf8 30. Qf1 f5 31. h4 Qc5 32. a5 Rd6 33. Qb1 Qb4 34. Qe1 Rf6 35. Nb1 Qc5 36. Ra4 Kf8 37. Qf2 Bg7 38. Qxd4 Qxd4 39. Rxd4 Rfxe6 40. Rxe6 Bxd4 41. Rxd6 exd6 42. b4 Ke7 43. Na3 Kd7 44. b5 Bc5 45. bxa6 Kc6 46. Nb1 d4 47. h5 gxh5 48. Kg2 d5 49. Kh2 h4 50. Kh3 hxg3 51. Kxg3 Be7 52. Kh3 Kc7 53. Kg3 Kb8 0-1

[Event "Quebec op U2400"]
[Site "Montreal CAN"]
[Date "2009.07.24"]
[Round "8"]
[White "Le Duin, Thierry"]
[Black "Hajiyev, Elshad"]
[Result "1-0"]
[WhiteElo "2094"]
[BlackElo "2096"]
[PlyCount "107"]
[GameId "2160767910155656"]
[EventDate "2009.07.18"]
[EventType "swiss"]
[EventRounds "9"]
[EventCountry "CAN"]
[SourceTitle "hb 2009.08"]

1. d4 d5 2. c4 c6 3. Nc3 Nf6 4. Bf4 e6 5. c5 b6 6. b4 a5 7. a3 Na6 8. e3 Nd7 9. Bxa6 Bxa6 10. Nge2 Bc4 11. O-O g5 12. Bg3 h5 13. f4 h4 14. Be1 f5 15. Rf2 g4 16. Rf1 Nf6 17. Bd2 a4 18. Re1 b5 19. Nc1 Nh5 20. N3e2 Ra7 21. Qc2 Rah7 22. Nd3 Bg7 23. Rec1 Nf6 24. Nc3 Ne4 25. Be1 Bf6 26. Nb2 Bb3 27. Qe2 Qd7 28. Nxb5 cxb5 29. c6 Qa7 30. Qxb5 O-O 31. Qd3 Nd6 32. b5 Bc4 33. Nxc4 Nxc4 34. Rxc4 dxc4 35. Qxc4 Re8 36. Bb4 Qc7 37. Bc5 h3 38. g3 Rf7 39. Qxa4 e5 40. dxe5 Bxe5 41. fxe5 Qxe5 42. Qd4 Qe6 43. a4 Qb3 44. Qd2 Qc4 45. Bd4 f4 46. gxf4 Ra8 47. Qa2 Qd3 48. c7 Qe4 49. b6 Kf8 50. Rc1 Rc8 51. Qc2 Qf3 52. Qc5+ Re7 53. Qf5+ Rf7 54. Qxc8+ 1-0

[Event "Quebec op U2400"]
[Site "Montreal CAN"]
[Date "2009.07.24"]
[Round "8"]
[White "Libersan, Thierry"]
[Black "Robichaud, Louis"]
[Result "1/2-1/2"]
[WhiteElo "2053"]
[BlackElo "2123"]
[PlyCount "98"]
[GameId "2160767910155657"]
[EventDate "2009.07.18"]
[EventType "swiss"]
[EventRounds "9"]
[EventCountry "CAN"]
[SourceTitle "EXT 2011"]
[Source "ChessBase"]
[SourceDate "2011.11.26"]
[SourceVersion "1"]
[SourceVersionDate "2011.11.26"]
[SourceQuality "1"]

1. e4 e5 2. Nf3 Nc6 3. Bb5 a6 4. Ba4 Nf6 5. d3 Bc5 6. O-O d6 7. c3 Ba7 8. Re1 O-O 9. Bg5 h6 10. Bh4 Qe7 11. Nbd2 Bg4 12. Nf1 Rad8 13. Ne3 Bxe3 14. Rxe3 b5 15. Bb3 Na5 16. Bc2 c5 17. a4 b4 18. h3 Bxf3 19. Qxf3 g5 20. Bg3 bxc3 21. bxc3 Rb8 22. Ree1 Rb2 23. Qe2 Rfb8 24. Reb1 Nc6 25. Qd1 d5 26. h4 dxe4 27. dxe4 Rd8 28. Qc1 Rxb1 29. Rxb1 Nd7 30. hxg5 Qxg5 31. Qxg5+ hxg5 32. Rd1 f6 33. Rd6 Ncb8 34. Bb3+ Kf8 35. f3 Rc8 36. Bc4 a5 37. Kf1 Rc6 38. Rxc6 Nxc6 39. Bb5 Ncb8 40. c4 Ke7 41. Be1 Kd8 42. Bxa5+ Kc8 43. g3 Nf8 44. Kf2 Ne6 45. Bc3 Kb7 46. Ke3 Nc6 47. a5 Nb4 48. Bd7 Nd4 49. Bb5 Ne6 1/2-1/2

[Event "Quebec op U2400"]
[Site "Montreal CAN"]
[Date "2009.07.24"]
[Round "8"]
[White "Modwal, Sankalp"]
[Black "Ibrahim, Anthony"]
[Result "1/2-1/2"]
[WhiteElo "2147"]
[BlackElo "2172"]
[PlyCount "61"]
[GameId "2160767910155658"]
[EventDate "2009.07.18"]
[EventType "swiss"]
[EventRounds "9"]
[EventCountry "CAN"]
[SourceTitle "hb 2009.08"]

1. e4 c5 2. Nf3 Nc6 3. d4 cxd4 4. Nxd4 Nf6 5. Nc3 e5 6. Ndb5 d6 7. Bg5 a6 8. Na3 b5 9. Nd5 Be7 10. Bxf6 Bxf6 11. c3 O-O 12. Nc2 Rb8 13. h4 g6 14. g3 Bg7 15. h5 Be6 16. Bh3 Qd7 17. hxg6 hxg6 18. Bg2 Bxd5 19. Qxd5 b4 20. O-O bxc3 21. bxc3 Qc7 22. Rfd1 Rfd8 23. Rab1 Ne7 24. Qd2 a5 25. Qd3 Rxb1 26. Rxb1 Rc8 27. Ne3 Qxc3 28. Qxd6 Qc7 29. Qxc7 Rxc7 30. Rb5 Rc1+ 31. Bf1 1/2-1/2

[Event "Quebec op U2400"]
[Site "Montreal CAN"]
[Date "2009.07.24"]
[Round "8"]
[White "Wenaas, Eric"]
[Black "Fareh, Youness"]
[Result "1/2-1/2"]
[WhiteElo "2171"]
[BlackElo "2177"]
[PlyCount "73"]
[GameId "2160767910155662"]
[EventDate "2009.07.18"]
[EventType "swiss"]
[EventRounds "9"]
[EventCountry "CAN"]
[SourceTitle "hb 2009.08"]

1. c4 Nf6 2. Nf3 g6 3. Nc3 Bg7 4. g3 O-O 5. Bg2 d6 6. O-O e5 7. d3 Nc6 8. Rb1 a5 9. a3 Re8 10. b4 axb4 11. axb4 e4 12. dxe4 Nxe4 13. Nd5 Be6 14. Bb2 f5 15. b5 Ne5 16. Nxe5 dxe5 17. Bxe4 fxe4 18. Ne3 Qxd1 19. Rfxd1 Ra4 20. Ra1 Rea8 21. Kf1 Kf7 22. Ke1 Ke7 23. Rxa4 Rxa4 24. Ra1 Rxa1+ 25. Bxa1 Kd6 26. Bb2 Kc5 27. Ba3+ Kd4 28. Bb2+ Kc5 29. Ba3+ Kb6 30. Kd2 Bh6 31. Kc3 Bxe3 32. fxe3 Bg4 33. Be7 c6 34. Bd8+ Kc5 35. Be7+ Kb6 36. Bd8+ Kc5 37. Be7+ 1/2-1/2

[Event "Quebec op U2400"]
[Site "Montreal CAN"]
[Date "2009.07.24"]
[Round "8"]
[White "Zozulia, Anna"]
[Black "Arsenault, Nicolas"]
[Result "1-0"]
[WhiteElo "2341"]
[BlackElo "2161"]
[PlyCount "68"]
[GameId "2160767910155663"]
[EventDate "2009.07.18"]
[EventType "swiss"]
[EventRounds "9"]
[EventCountry "CAN"]
[SourceTitle "hb 2009.08"]

1. e4 e6 2. d4 d5 3. Nd2 Nf6 4. e5 Nfd7 5. f4 c5 6. c3 Nc6 7. Ndf3 Qb6 8. a3 a5 9. b3 Be7 10. h4 cxd4 11. cxd4 f5 12. h5 Qa7 13. Be3 Ndb8 14. Nh3 Na6 15. Nf2 Nc7 16. Nd3 b6 17. Nb2 Ba6 18. Bxa6 Qxa6 19. Qc2 Qb7 20. O-O Rc8 21. Rac1 Nb5 22. a4 Nba7 23. Qe2 O-O 24. Nd1 Ba3 25. Ra1 Be7 26. Bd2 Nb4 27. Nc3 Qa6 28. Qxa6 Nxa6 29. Ng5 Bxg5 30. fxg5 Nb4 31. Rac1 Nac6 32. Nb5 Nd3 33. Rc3 Ncb4 34. Rf3 Rc6 1-0

[Event "Quebec op U2400"]
[Site "Montreal CAN"]
[Date "2009.07.25"]
[Round "9"]
[White "Robichaud, Louis"]
[Black "Malette, Martin"]
[Result "1-0"]
[WhiteElo "2123"]
[BlackElo "2078"]
[PlyCount "61"]
[GameId "2160767910155665"]
[EventDate "2009.07.18"]
[EventType "swiss"]
[EventRounds "9"]
[EventCountry "CAN"]
[SourceTitle "EXT 2011"]
[Source "ChessBase"]
[SourceDate "2011.11.26"]
[SourceVersion "1"]
[SourceVersionDate "2011.11.26"]
[SourceQuality "1"]

1. e4 e5 2. Nf3 Nc6 3. Bb5 a6 4. Ba4 Nf6 5. O-O Nxe4 6. d4 exd4 7. Re1 d5 8. c4 Bb4 9. cxd5 Bxe1 10. Qxe1 Qxd5 11. Bb3 Qf5 12. Nbd2 O-O 13. Nxe4 Be6 14. Ng3 Qg6 15. Bxe6 Qxe6 16. Bf4 Rac8 17. Qd2 Rfd8 18. b3 Rd5 19. Rc1 f6 20. Re1 Qd7 21. h4 Ne7 22. h5 c5 23. Ne4 Rc6 24. h6 g5 25. Nfxg5 fxg5 26. Bxg5 Qf5 27. Bxe7 b6 28. Ng3 Qg6 29. Qf4 Qxh6 30. Qe4 Rd7 31. Qg4+ 1-0

[Event "Quebec op U2400"]
[Site "Montreal CAN"]
[Date "2009.07.25"]
[Round "9"]
[White "Trinh, Tri Bao"]
[Black "Voskanyan, Vahagn"]
[Result "0-1"]
[WhiteElo "2039"]
[BlackElo "2258"]
[PlyCount "82"]
[GameId "2160767910155666"]
[EventDate "2009.07.18"]
[EventType "swiss"]
[EventRounds "9"]
[EventCountry "CAN"]
[SourceTitle "hb 2009.08"]

1. c4 c5 2. Nc3 Nf6 3. Nf3 Nc6 4. g3 d5 5. cxd5 Nxd5 6. Nxd5 Qxd5 7. Bg2 g6 8. O-O Bg7 9. a3 O-O 10. d3 Qd6 11. Re1 Rb8 12. Bf4 e5 13. Be3 b6 14. Qa4 Bd7 15. Qh4 f6 16. b4 Nd4 17. Nxd4 cxd4 18. Bh6 Rbc8 19. Bxg7 Kxg7 20. Rec1 a5 21. Qe4 axb4 22. axb4 Rxc1+ 23. Rxc1 Rf7 24. Qa8 Bg4 25. Bd5 Rd7 26. Bc6 Re7 27. f3 Be6 28. b5 Qb4 29. Qd8 Rf7 30. Qxb6 Qd2 31. Qc5 Qxe2 32. Qc2 Qe3+ 33. Kg2 Ra7 34. b6 Ra2 35. Qxa2 Bxa2 36. Rc2 Bb1 37. Rf2 Qe1 38. b7 Qb4 39. f4 Bxd3 40. Ra2 Qb1 41. Kh3 Qxa2 0-1

[Event "Quebec-ch 1/2 final-1"]
[Site "Montreal CAN"]
[Date "2009.06.05"]
[Round "1"]
[White "Desjardins, Michel"]
[Black "Deschenes, Marc-Andre"]
[Result "0-1"]
[WhiteElo "1923"]
[BlackElo "1836"]
[PlyCount "84"]
[GameId "2160767910156485"]
[EventDate "2009.06.05"]
[EventType "tourn"]
[EventRounds "4"]
[EventCountry "CAN"]
[SourceTitle "hb 2009.08"]

1. e4 c5 2. Nc3 Nc6 3. g3 g6 4. Bg2 Bg7 5. d3 d6 6. Be3 e5 7. Qd2 a6 8. f4 Nge7 9. Nf3 Nd4 10. O-O O-O 11. fxe5 dxe5 12. Bg5 Qd6 13. Rf2 b5 14. Raf1 Be6 15. Bh6 b4 16. Bxg7 Nxf3+ 17. Bxf3 Kxg7 18. Na4 Bd7 19. b3 Bxa4 20. bxa4 f6 21. c3 a5 22. Rc1 Rad8 23. Be2 Rc8 24. Kg2 Rfd8 25. Rcf1 Rf8 26. Qc2 Qc6 27. Kg1 Qd7 28. Kg2 Rb8 29. Rc1 Rfc8 30. Rcf1 Ng8 31. Bd1 Rd8 32. Be2 Rbc8 33. h3 Rb8 34. Kh2 Rb6 35. Rc1 Rdb8 36. Bg4 Qd6 37. cxb4 cxb4 38. Qc7+ Kh8 39. Qxd6 Rxd6 40. Rc5 Rxd3 41. Rxa5 Re3 42. Be6 Rxe4 0-1

[Event "Quebec-ch 1/2 final-1"]
[Site "Montreal CAN"]
[Date "2009.06.05"]
[Round "1"]
[White "Luo, Zhao Yang"]
[Black "Desjardins, Michel"]
[Result "1-0"]
[WhiteElo "1760"]
[BlackElo "1923"]
[PlyCount "93"]
[GameId "2160767910156486"]
[EventDate "2009.06.05"]
[EventType "tourn"]
[EventRounds "4"]
[EventCountry "CAN"]
[SourceTitle "hb 2009.08"]

1. d4 d5 2. c4 c6 3. Nc3 dxc4 4. e4 b5 5. a4 b4 6. Na2 Nf6 7. Bxc4 Nxe4 8. Nxb4 e5 9. Nc2 exd4 10. Qe2 Qe7 11. Nxd4 Nd6 12. Be3 Nxc4 13. Qxc4 Qb4+ 14. Qxb4 Bxb4+ 15. Bd2 Bxd2+ 16. Kxd2 O-O 17. Rc1 a5 18. Ngf3 Bb7 19. Rhe1 Rd8 20. Re7 Ba6 21. Ke1 Nd7 22. Rxc6 Re8 23. Rxe8+ Rxe8+ 24. Kd2 Bf1 25. g3 f6 26. Rc1 Bg2 27. Nh4 Bd5 28. Rc7 Nb6 29. Nhf5 Bf7 30. Rxf7 Nc4+ 31. Kc3 Kxf7 32. Kxc4 Rb8 33. Nd6+ Kf8 34. N4b5 Ke7 35. Kd5 Kd7 36. Kc5 g6 37. b4 axb4 38. Kxb4 Rb6 39. a5 Rc6 40. Nc4 Re6 41. Ne3 Re4+ 42. Kc5 Re5+ 43. Kb6 Kc8 44. a6 Re6+ 45. Ka5 Re5 46. Nc4 Rc5 47. Nb6+ 1-0

[Event "Quebec-ch 1/2 final-1"]
[Site "Montreal CAN"]
[Date "2009.06.05"]
[Round "1"]
[White "Luo, Zhao Yang"]
[Black "Page-Fortin, Mathieu"]
[Result "1/2-1/2"]
[WhiteElo "1760"]
[BlackElo "1777"]
[PlyCount "93"]
[GameId "2160767910156487"]
[EventDate "2009.06.05"]
[EventType "tourn"]
[EventRounds "4"]
[EventCountry "CAN"]
[SourceTitle "hb 2009.08"]

1. d4 e6 2. c4 Nf6 3. Nf3 d5 4. Nc3 Nbd7 5. Bg5 Be7 6. e3 c6 7. Bd3 O-O 8. O-O dxc4 9. Bxc4 Qb6 10. Qc2 c5 11. d5 exd5 12. Nxd5 Nxd5 13. Bxd5 Bxg5 14. Nxg5 Nf6 15. Rac1 h6 16. Bxf7+ Kh8 17. Qxc5 Qxc5 18. Rxc5 b6 19. Rc7 hxg5 20. Rfc1 Bd7 21. Bc4 b5 22. Be2 a6 23. Bf3 Rac8 24. Bb7 Rxc7 25. Rxc7 a5 26. e4 Be6 27. b3 Rd8 28. Kf1 Rd7 29. Rxd7 Nxd7 30. Bc6 b4 31. Ke2 Nc5 32. f3 Kh7 33. Ke3 Kg6 34. Kd4 Nxb3+ 35. axb3 Bxb3 36. Kc5 Bc2 37. Kc4 Kf6 38. g3 Ke5 39. h4 gxh4 40. gxh4 Kf4 41. Bd5 b3 42. Kc3 a4 43. Kb2 Kxf3 44. e5+ Kf4 45. e6 Ke5 46. e7 Bg6 47. Bc6 1/2-1/2

[Event "Quebec-ch 1/2 final-1"]
[Site "Montreal CAN"]
[Date "2009.06.05"]
[Round "1"]
[White "O'Connor, Michael"]
[Black "Fareh, Youness"]
[Result "0-1"]
[WhiteElo "1780"]
[BlackElo "2179"]
[PlyCount "126"]
[GameId "2160767910156488"]
[EventDate "2009.06.05"]
[EventType "tourn"]
[EventRounds "4"]
[EventCountry "CAN"]
[SourceTitle "hb 2009.08"]

1. d4 Nf6 2. c4 g6 3. Nf3 Bg7 4. Nc3 O-O 5. e4 d6 6. Be2 e5 7. Be3 exd4 8. Nxd4 Re8 9. f3 Nc6 10. Qd2 Nh5 11. O-O-O Nxd4 12. Bxd4 Bxd4 13. Qxd4 Qg5+ 14. Kb1 Qxg2 15. Rdg1 Qh3 16. Nd5 c5 17. Qd2 Rd8 18. f4 Ng7 19. f5 Nxf5 20. Qg5 Qh4 21. exf5 Qxg5 22. Rxg5 Bxf5+ 23. Kc1 Kg7 24. Rf1 Be6 25. Bf3 Rab8 26. b3 b5 27. cxb5 Rxb5 28. Nc3 Rb4 29. Rd1 f5 30. Rg2 c4 31. Bd5 Bxd5 32. Nxd5 Rb5 33. bxc4 Rc8 34. Rdd2 Rbc5 35. Ne7 Re8 36. Nd5 Re4 37. Rc2 Rexc4 38. Rxc4 Rxc4+ 39. Kb2 Rh4 40. Rd2 Kf7 41. Re2 f4 42. Re7+ Kf8 43. Re6 g5 44. Re2 Kf7 45. Re7+ Kg6 46. Re2 h5 47. a4 f3 48. Rf2 g4 49. a5 Kg5 50. Kc3 Rxh2 51. Rxh2 g3 52. Rh1 h4 53. Ne3 h3 54. Rxh3 Kf4 55. Kd3 g2 56. Nxg2+ fxg2 57. Rh4+ Kf5 58. Rh5+ Kf6 59. Rh6+ Kg7 60. Rxd6 g1=Q 61. Rd7+ Kf6 62. Kc3 Ke6 63. Rd4 Qa1+ 0-1

[Event "Quebec-ch 1/2 final-1"]
[Site "Montreal CAN"]
[Date "2009.06.06"]
[Round "2"]
[White "Deschenes, Marc-Andre"]
[Black "O'Connor, Michael"]
[Result "1-0"]
[WhiteElo "1836"]
[BlackElo "1780"]
[PlyCount "147"]
[GameId "2160767910156489"]
[EventDate "2009.06.05"]
[EventType "tourn"]
[EventRounds "4"]
[EventCountry "CAN"]
[SourceTitle "hb 2009.08"]

1. e4 c5 2. Nf3 Nc6 3. d4 cxd4 4. Nxd4 e5 5. Nb5 d6 6. N1c3 a6 7. Na3 Nf6 8. Bg5 b5 9. Nd5 Be7 10. Bxf6 Bxf6 11. c3 Bg5 12. Nc2 O-O 13. Bd3 Bb7 14. O-O Ne7 15. Nde3 d5 16. Qg4 Bh6 17. Rad1 g6 18. Qh4 Bg7 19. exd5 Nxd5 20. Qxd8 Raxd8 21. Nxd5 Bxd5 22. Nb4 Bb7 23. f3 Rd6 24. Be4 Rxd1 25. Rxd1 Bc8 26. Nc6 Be6 27. a3 Re8 28. Nb4 a5 29. Na6 Rc8 30. Bb7 Rc4 31. Bd5 Bxd5 32. Rxd5 b4 33. axb4 axb4 34. Nxb4 e4 35. fxe4 Rxe4 36. Kf2 Bh6 37. Nd3 Kf8 38. g3 f5 39. Rd7 Be3+ 40. Kf3 h6 41. Nf2 Re6 42. Rd3 Bc1 43. b4 Rc6 44. Nd1 Ke7 45. Ne3 Ke6 46. Nc2 Kf6 47. Nd4 Rc4 48. Ke2 Bb2 49. Nb5 Bxc3 50. Nxc3 Ke6 51. b5 Rb4 52. Rd2 g5 53. Ke3 h5 54. Rf2 Ke5 55. Kd3 h4 56. gxh4 Rxh4 57. Rb2 Rd4+ 58. Ke3 Rc4 59. Ne2 Kd6 60. b6 Rc8 61. b7 Rb8 62. Nd4 f4+ 63. Kf3 Kd5 64. Nf5 Ke6 65. Kg4 f3 66. Nd4+ Kf6 67. Nxf3 Kg6 68. Nxg5 Kf6 69. Ne4+ Kg6 70. Nc5 Kh6 71. Nd7 Rg8+ 72. Kf4 Kg6 73. Rg2+ Kh7 74. Rxg8 1-0